000 00925nam a2200229 a 4500
001 000026018
005 20200930024231.0
008 110225s1994 mx a r 000 0 spa d
020 _a9682964210
040 _aDO-SdBNP
_bspa
_cBNPHU
082 _aC335e
_bnn*
100 1 _aCasas, Alejandro.
_952924
245 1 0 _aEtnobotánica mixteca :
_bsociedad, cultura y recursos naturales en la montaña de Guerrero /
_cAlejandro Casas, Juan Luis Viveros y Javier Caballero.
260 _aMéxico, D. F. :
_bDirección General de Publicaciones del Consejo Nacional para la Cultura y las Artes ;
_bInstituto Nacional Indigenista,
_c1994.
300 _a336 p. :
_bil. ;
_c22 cm.
490 1 _aPresencias.
_v67
504 _aBibliotecología : 361-366 p.
500 _aIncluye referencias bibliográficas y notas al pie de las páginas.
700 1 _aViveros, Juan Luis.
_952925
700 1 _aCaballero, Javier.
_952926
049 _aBNGR
999 _c25510
_d25510